Jayaprakash Narayan / (Record no. 79567)
[ view plain ]
| 000 -LEADER | |
|---|---|
| fixed length control field | 00768nam a22002297a 4500 |
| 005 - DATE AND TIME OF LATEST TRANSACTION | |
| control field | 20131031123418.0 |
| 010 ## - LCCN (DPL NO) | |
| LC control number | B-495521-529 |
| 020 ## - INTERNATIONAL STANDARD BOOK NUMBER | |
| International Standard Book Number | 9789350248331 |
| Terms of availability | 650.00 |
| 035 ## - SYSTEM CONTROL NUMBER | |
| System control number | B-495521-529 |
| 037 ## - SOURCE OF ACQUISITION | |
| Source of stock number/acquisition | HPH/Ven |
| Stock number | dpl |
| 082 ## - DEWEY DECIMAL CLASSIFICATION NUMBER | |
| Classification number | 921 |
| 245 ## - TITLE STATEMENT | |
| Title | Jayaprakash Narayan / |
| Statement of responsibility, etc | edited by M.A.Khan, M.H.Syed [and] N.P.Sharma |
| 260 ## - PUBLICATION, DISTRIBUTION, ETC. (IMPRINT) | |
| Place of publication, distribution, etc | Mumbai |
| Name of publisher, distributor, etc | Himalaya Publishing House |
| Date of publication, distribution, etc | 2011 |
| 270 ## - ADDRESS | |
| Address | Ramdoot Dr. Bhalerao Marg, Girgaon |
| City | Mumbai |
| Postal code | 400004 |
| 300 ## - PHYSICAL DESCRIPTION | |
| Extent | 346p. |
| Dimensions | 20cm(Hb) |
| 500 ## - GENERAL NOTE | |
| General note | includes index bibliographical references |
| 700 ## - ADDED ENTRY--PERSONAL NAME | |
| Personal name | Khan,M.A. |
| 710 ## - ADDED ENTRY--CORPORATE NAME | |
| Corporate name or jurisdiction name as entry element | Sharma,N.P. |
| 710 ## - ADDED ENTRY--CORPORATE NAME | |
| Corporate name or jurisdiction name as entry element | Syed,M.H. |
| 942 ## - ADDED ENTRY ELEMENTS (KOHA) | |
| Source of classification or shelving scheme | Dewey Decimal Classification |
| Item type | English Books |
| Call number suffix | JAY |
| Classification part | 921 |
| Withdrawn status | Lost status | Not for loan | Collection code | Home library | Current library | Date acquired | Source of acquisition | Cost, normal purchase price | Full call number | Barcode | Copy number | Cost, replacement price | Koha item type |
|---|---|---|---|---|---|---|---|---|---|---|---|---|---|
| Non-fiction | Central Jail Tihar | Central Jail Tihar | 31/10/2013 | HPH/A443489/09.03.2013/170/09.03.2013/15.03.2013 | 650.00 | 921 JAY | B-495526 | 1 | 650.00 | English Books | |||
| Non-fiction | Central Library | Central Library | 31/10/2013 | HPH/A443489/09.03.2013/170/09.03.2013/15.03.2013 | 650.00 | 921 JAY | B-495521 | 1 | 650.00 | English Books | |||
| Non-fiction | Janak Puri | Janak Puri | 31/10/2013 | HPH/A443489/09.03.2013/170/09.03.2013/15.03.2013 | 650.00 | 921 JAY | B-495527 | 1 | 650.00 | English Books | |||
| Non-fiction | Karol Bagh | Karol Bagh | 31/10/2013 | HPH/A443489/09.03.2013/170/09.03.2013/15.03.2013 | 650.00 | 921 JAY | B-495528 | 1 | 650.00 | English Books | |||
| Non-fiction | Kasturba Gandhi Marg | Kasturba Gandhi Marg | 31/10/2013 | HPH/A443489/09.03.2013/170/09.03.2013/15.03.2013 | 650.00 | 921 JAY | B-495523 | 1 | 650.00 | English Books | |||
| Non-fiction | Narela | Narela | 31/10/2013 | HPH/A443489/09.03.2013/170/09.03.2013/15.03.2013 | 650.00 | 921 JAY | B-495529 | 1 | 650.00 | English Books | |||
| Non-fiction | Patel Nagar | Patel Nagar | 31/10/2013 | HPH/A443489/09.03.2013/170/09.03.2013/15.03.2013 | 650.00 | 921 JAY | B-495522 | 1 | 650.00 | English Books | |||
| Non-fiction | Peshwa Road | Peshwa Road | 31/10/2013 | HPH/A443489/09.03.2013/170/09.03.2013/15.03.2013 | 650.00 | 921 JAY | B-495524 | 1 | 650.00 | English Books | |||
| Non-fiction | Tri Nagar | Tri Nagar | 31/10/2013 | HPH/A443489/09.03.2013/170/09.03.2013/15.03.2013 | 650.00 | 921 JAY | B-495525 | 1 | 650.00 | English Books |
